| 000 | 00641nam a22002057a 4500 | ||
|---|---|---|---|
| 999 |
_c10188 _d10188 |
||
| 003 | AR-CdUCM | ||
| 008 | 190329b ||||| |||| 00| 0 spa d | ||
| 020 | _a978-612-309-066-1 | ||
| 040 |
_aMUNICIPALIDAD PROVINCIAL DEL CUSCO _cBIBLIOTECA MUNICIPAL DEL CUSCO |
||
| 082 |
_aPI-0133 / _bDU / pue |
||
| 100 |
_aDu Bois, Guiomar _925502 |
||
| 245 | _aYo me puedo asear solita | ||
| 260 |
_aLima : _bSantillana, _bAlfaguara, _c2012. |
||
| 300 |
_bilustraciones, _c22 cm. _a33 páginas ; |
||
| 650 |
_aCuento _94671 |
||
| 650 |
_aLibro infantil _924758 |
||
| 700 |
_aVenegas, Susana (Ilustradora) _925504 |
||
| 942 |
_2ddc _cLIBROS |
||
| 945 | _araen | ||